El Teatre alemany contemporani a l'estat espanyol fins el 1975 / Javier Orduña
Descripción Física:
338 p. ; 22 cm
Colección:
Monografies de teatre ; 25
MARC
| LEADER | 00000nam a2200000Ia 4500 | ||
|---|---|---|---|
| 001 | 8523 | ||
| 008 | 160829s1988 xx 000 0 cat d | ||
| 080 | |a B-1-183 | ||
| 100 | |a Orduña, Javier |9 19890 | ||
| 245 | |a El Teatre alemany contemporani a l'estat espanyol fins el 1975 / Javier Orduña | ||
| 260 | |a Barcelona : |b Institut del Teatre de la Diputació de Barcelona, |c 1988 | ||
| 300 | |a 338 p. ; |c 22 cm | ||
| 490 | |a Monografies de teatre ; 25 | ||
| 650 | |a Teatre alemany |x S. XX |x Història i crítica |9 19891 | ||
| 650 | |a Teatre alemany |x Apreciació |x Espanya |9 19892 | ||
| 710 | 1 | |a Institut del Teatre (Barcelona, Catalunya) |9 52662 | |
| 901 | |a Arxiu | ||
| 942 | |n 1 | ||
| 952 | |0 0 |1 0 |4 0 |6 B1183 |7 1 |9 41361 |a Arxiu |b Arxiu |d 2016-12-01 |l 0 |o B-1-183 |p 8523 |r 2016-12-01 00:00:00 |w 2016-12-01 |y ARXIU | ||
| 999 | |c 43168 |d 43168 | ||